Tiếng Việt 2

Shranjeno v:
Bibliografske podrobnosti
Format: Knjiga
Izdano: [kxđ] [kxđ]
Teme:
Oznake: Označite
Brez oznak, prvi označite!
Thư viện lưu trữ: Trung tâm Học liệu Lê Vũ Hùng, Trường Đại học Đồng Tháp
LEADER 00522pam a22001818a 4500
001 00039320
008 170518s ||||||Viesd
005 20171109081140.0
041 0 # |a Vie 
082 1 4 |a 372.6  |b T306V 
245 1 0 |a Tiếng Việt 2 
260 # # |a [kxđ]  |b [kxđ] 
300 # # |a 22 tr.  |c 29 cm 
653 # # |a Tiếng Việt 2 
852 # # |b Kho đọc  |j KD.1002401 
852 # # |j KD.0021636  |j KM.0022774 
910 |d 18/05/2017 
980 # # |a Trung tâm Học liệu Lê Vũ Hùng, Trường Đại học Đồng Tháp